000 00936nam a22002897a 4500
003 CHAP
005 20220817040954.0
008 971013s1991 r 00010 d
010 _a3744
011 _a4716
035 _a3920
040 _cCHAP
090 _aFolleto 13070
110 2 _aInstituto Mexicano de Tecnología del Agua
245 1 _aEstrategia nacional de atención a los problemas de contaminación del agua
260 _aJiutepec, Mor. :
_bEl Instituto,
_c1991
300 _a6 p.
590 _aBATCH-UPD
_b10
_c20130110
_lUCH01
_h1848
590 _aBATCH-UPD
_b10
_c20130410
_lUCH01
_h1218
590 _aCONVERSION
_b10
_c20130109
_lUCH01
_h1303
650 1 4 _aAgua potable.
_92442
650 1 4 _aAgua
_xContaminacion
_xSan Luis Potosi.
_92361
901 _aBK
942 _cFOLL
949 _aFolleto 13070
_bBC
_cFOLL
_d33724002344025
_eTS1
_i3920
_mD
_si
949 _aFolleto 13070
_bBC
_cFOLL
_d33724002344033
_eTS2
_fc.2
_i3920
_sb
999 _c3744
_d3744